Al-Ettifaq FC Squad 2024-2025 - Statistics

General Stats
  • This quiz has been taken 3 times
  • The average score is 4 of 29
Answer Stats
# Position Nation Player % Correct
8 MF Netherlands Georginio Wijnaldum
100%
11 FW Jamaica Demarai Gray
50%
7 FW Cameroon Karl Toko Ekambi
50%
1 GK Slovakia Marek Rodák
50%
9 FW France Moussa Dembélé
50%
- Coach England Steven Gerrard
50%
46 FW Saudi Arabia Abdulaziz Al-Aliwa
0%
25 DF Saudi Arabia Abdulbasit Hindi
0%
88 MF Saudi Arabia Abdulelah Al-Malki
0%
70 DF Saudi Arabia Abdullah Al-Khateeb
0%
3 DF Saudi Arabia Abdullah Madu
0%
21 FW Saudi Arabia Abdullah Radif
0%
23 GK Saudi Arabia Ahmad Al-Harbi
0%
28 DF Saudi Arabia Ahmed Bamsaud
0%
10 MF Spain Álvaro Medrán
0%
4 DF Scotland Jack Hendry
0%
18 FW Portugal João Costa
0%
36 MF Colombia Josen Escobar
0%
33 DF Saudi Arabia Madallah Al-Olayan
0%
77 MF Saudi Arabia Majed Dawran
0%
96 GK Saudi Arabia Marwan Al-Haidari
0%
87 DF Saudi Arabia Meshal Al-Sibyani
0%
29 DF Saudi Arabia Mohammed Abdulrahman
0%
6 MF Saudi Arabia Mukhtar Ali
0%
61 DF Saudi Arabia Radhi Al-Otaibi
0%
- Coach Saudi Arabia Saad Al-Shehri
0%
75 MF Ivory Coast Seko Fofana
0%
92 GK Saudi Arabia Turki Baaljawsh
0%
14 FW Brazil Vitinho
0%
No matching quizzes found
Score Distribution
Percent of People with Each Score
Percentile by Number Answered
Your Score History
You have not taken this quiz